西九州新幹線が通過する市区町村 - Statistics

General Stats
  • This quiz has been taken 297 times
  • The average score is 5 of 6
Answer Stats
自治体名 % Correct
長崎市 長崎 駅所在地
98%
武雄市 武雄温泉 駅所在地
97%
諫早市 諫早 駅所在地
96%
嬉野市 嬉野温泉 駅所在地
95%
大村市 新大村 駅所在地
95%
東彼杵町
48%
No matching quizzes found
Score Distribution
Percent of People with Each Score
Percentile by Number Answered
Your Score History
You have not taken this quiz